[Event "Evry op"]
[Site "Evry"]
[Date "2007.11.01"]
[Round "2"]
[White "Tran, Duy Nghi"]
[Black "Carpentier, Jacqueline"]
[Result "1-0"]
[WhiteElo "1680"]
[BlackElo "1140"]
[PlyCount "73"]
[EventDate "2007.10.31"]
[EventType "swiss"]
[EventRounds "9"]
[EventCountry "FRA"]
[SourceTitle "EXT 2009"]
[Source "ChessBase"]
[SourceDate "2008.11.26"]
[SourceVersion "1"]
[SourceVersionDate "2008.11.26"]
[SourceQuality "1"]

1. d4 Nc6 2. c4 d6 3. d5 Ne5 4. e4 c6 5. f4 Nxc4 6. Bxc4 e6 7. dxe6 Bxe6 8. Bxe6 Qh4+ 9. g3 Qe7 10. Bg4 Qxe4+ 11. Qe2 Nf6 12. Qxe4+ Nxe4 13. Nf3 d5 14. Be3 Bb4+ 15. Nbd2 0-0 16. 0-0-0 Nf2 17. Bxf2 a5 18. a3 Bd6 19. h4 h6 20. Bf5 b5 21. Nb3 b4 22. a4 Rfe8 23. Bd7 Re2 24. Bc5 Bc7 25. Rde1 Re4 26. Rxe4 dxe4 27. Nfd4 Rd8 28. Bxc6 Rc8 29. Bxe4 Re8 30. Re1 Rd8 31. f5 Bxg3 32. Rh1 Re8 33. Nd2 Re5 34. Bd6 Re8 35. Bxg3 Rc8+ 36. Nc6 Rc7 37. Bxc7 1-0